| 000 | 00703nam a2200193 a 4500 | ||
|---|---|---|---|
| 001 | 000029126 | ||
| 005 | 20250924073803.0 | ||
| 008 | 110413s1986 dr 000 0 spa d | ||
| 040 |
_aDO-SdBNP _bspa _cBNPHU |
||
| 100 | 1 |
_aSánchez Martínez, Fernando _97183 |
|
| 245 | 1 | 0 |
_aRespuesta a un editorial de última hora / _cFernando Sánchez Martínez. |
| 260 |
_aSanto Domingo : _bUniversidad Autónoma de Santo Domingo, _c1986. |
||
| 300 |
_a11 p. ; _c21 cm. |
||
| 490 | 1 |
_aPublicaciones de la Universidad Autónoma de Santo Domingo _v496 |
|
| 490 | 1 |
_aUASD crítica _vno. 32 |
|
| 830 |
_aPublicaciones de la Universidad Autónoma de Santo Domingo _v496 _952 |
||
| 830 | 0 |
_aUASD _n32 _956036 |
|
| 049 | _aBNPD | ||
| 999 |
_c28618 _d28618 |
||